000 00468nam a2200181Ia 4500
001 1949
005 20260306143806.0
008 260306t2014||||xx |||||||||||||| ||spa||
041 _aESP
082 _a158.4
_bA23
100 _aAdair, John
_eAUT
245 0 _aEl liderazgo según Confucio:
_bprincipios eternos y universales para liderar mejor
260 _c2014
300 _a189 páginas :
_c21 cm.
650 _aGEN
654 _aCPS
942 _cLIB
_dJUS
_fJUS
_2ddc
_n
999 _c1949
_d1949